Statistics for Länder genom delvis satellitbild #2

Click here to take the quiz!

General Stats

  • This quiz has been taken 57 times
  • The average score is 9 of 15

Answer Stats

Answer% Correct
Danmark
90%
Japan
90%
Sverige
88%
USA
88%
Marocko
78%
Mexiko
76%
Brasilien
68%
Nya Zeeland
63%
Spanien
56%
Storbritannien
56%
Sri Lanka
32%
Venezuela
32%
Sydafrika
24%
Papua Nya Guinea
20%
Vietnam
12%

Score Distribution

Percentile by Number Answered

Percent of People with Each Score

Your Score History

You have not taken this quiz